000 01398nab a22002417a 4500
999 _c6244
_d6244
003 OSt
005 20260127194252.0
008 190514b xxu||||| |||| 00| 0 spa d
040 _cPJ
100 _96956
_aTerk, María Virginia
245 1 0 _aEnriquecimiento sin causa y perspectiva de género en uniones convivenciales /
_cMaría Virginia Terk.
300 _ap. 45-52
500 _aCita: TR LALEY AR/DOC/2137/2025.
505 _aSumario: I. Introducción.— II. Resumen de la resolución comentada.— III. El régimen patrimonial de las uniones convivenciales y la distribución de bienes al cese.— IV. Una necesaria mirada desde la perspectiva de género.— V. El enriquecimiento sin causa, desde la perspectiva de género.— VI. Enriquecimiento sin causa y uniones convivenciales.— VII. Conclusiones.
505 _tFallo comentado: CCiv., Com. Familia y Contencioso Administrativo, Villa María ~ 28/03/2025 ~ A. M. C. c. A. J. S. s/ uniones convivenciales — ley 9283.
650 0 _9967
_aDERECHO DE FAMILIA
650 0 _91053
_aUNIONES CONVIVENCIALES
650 0 _94044
_aPERSPECTIVA DE GÉNERO
650 0 _95831
_aENRIQUECIMIENTO SIN CAUSA
650 0 _91057
_aJURISPRUDENCIA APLICABLE
773 0 _02844
_93222
_dBuenos Aires : AbeledoPerrot, 1989-
_tDerecho de familia. Revista Interdisciplinaria de doctrina y jurisprudencia. Octubre 2025-V.
_z18511201
942 _2udc
_cANA